[Event "Randburg Superhero"]
[Site "Randburg"]
[Date "2022.01.06"]
[Round "5"]
[White "Parodi, Alessandro"]
[Black "Klaver, Cornelis"]
[Result "0-1"]
[WhiteElo "1997"]
[BlackElo "2050"]
[PlyCount "148"]
[EventDate "2022.01.04"]
[EventType "tourn"]
[EventRounds "7"]
[EventCountry "RSA"]
[SourceTitle "EXT 2023"]
[Source "ChessBase"]
[SourceDate "2022.10.05"]
[SourceVersion "1"]
[SourceVersionDate "2022.10.05"]
[SourceQuality "1"]

1. Nf3 Nf6 2. c4 e6 3. g3 Nc6 4. Bg2 a5 5. b3 Be7 6. 0-0 0-0 7. Bb2 Re8 8. Nc3 d5 9. Rc1 d4 10. Nb5 e5 11. e4 Bc5 12. Ne1 Nb4 13. a3 Na6 14. a4 Qe7 15. Ra1 c6 16. Na3 Nb4 17. Nac2 Bg4 18. Bf3 h5 19. d3 g6 20. Bc1 Qd7 21. Bd2 Kg7 22. Nxb4 Bxb4 23. Bxb4 axb4 24. Qd2 Qe7 25. Bg2 Nh7 26. Nc2 c5 27. f3 Bd7 28. Kf2 Qg5 29. Ke2 Qxd2+ 30. Kxd2 f6 31. Rf2 g5 32. f4 g4 33. Rh1 Rh8 34. h3 Nf8 35. hxg4 Bxg4 36. Bh3 Ne6 37. Ne1 Bxh3 38. Rxh3 h4 39. fxe5 fxe5 40. gxh4 Nf4 41. Rg3+ Kf6 42. Rg5 Rxh4 43. Rf5+ Ke6 44. Nf3 Rh5 45. Ng5+ Rxg5 46. Rxg5 Rh8 47. Rg7 Rh3 48. Rxb7 Rxd3+ 49. Kc2 Rc3+ 50. Kb1 Nd3 51. Rb6+ Ke7 52. Rf1 Rxb3+ 53. Kc2 Rc3+ 54. Kd2 Nb2 55. Rb7+ Ke6 56. Rbf7 Nxc4+ 57. Ke2 d3+ 58. Kd1 Ne3+ 59. Kd2 Nxf1+ 60. Rxf1 Ra3 61. Rh1 c4 62. Rh6+ Kd7 63. Ra6 Ra2+ 64. Kc1 c3 65. Kb1 Rb2+ 66. Ka1 d2 67. Ra7+ Kc6 68. Ra6+ Kc5 69. Ra5+ Kc4 70. Rd5 Kb3 71. Rd3 Ra2+ 72. Kb1 d1Q+ 73. Rxd1 c2+ 74. Kc1 Ra1+ 0-1

[Event "Titled Tuesday intern op 23rd Feb"]
[Site "Chess.com INT"]
[Date "2021.02.23"]
[Round "10"]
[White "Klaver, Cornelis"]
[Black "Okike, David"]
[Result "0-1"]
[WhiteElo "2050"]
[BlackElo "2177"]
[PlyCount "110"]
[EventDate "2021.02.23"]
[EventType "swiss (blitz)"]
[EventRounds "11"]
[EventCountry "USA"]
[SourceTitle "CBM 200 Extra"]
[Source "ChessBase"]
[SourceDate "2021.03.31"]
[SourceVersion "1"]
[SourceVersionDate "2021.03.31"]
[SourceQuality "1"]

1. d4 Nf6 2. Bg5 e6 3. e4 d5 4. exd5 exd5 5. Bd3 Be7 6. Nf3 Bg4 7. h3 Bh5 8. Nbd2 Nbd7 9. c3 c6 10. Qc2 Bg6 11. 0-0 0-0 12. Rfe1 Bxd3 13. Qxd3 Re8 14. Ne5 h6 15. Bh4 Nxe5 16. dxe5 Nd7 17. Bxe7 Qxe7 18. f4 Nc5 19. Qd4 b5 20. g3 Na4 21. b3 Nc5 22. Re2 Rad8 23. Rae1 Ne6 24. Qf2 Nc5 25. c4 Nd3 26. Qf3 Nxe1 27. Rxe1 dxc4 28. Ne4 cxb3 29. axb3 c5 30. Rc1 Qe6 31. g4 c4 32. bxc4 bxc4 33. Nd6 Re7 34. Rxc4 f6 35. Re4 fxe5 36. fxe5 Rxd6 37. exd6 Qxe4 38. dxe7 Qxe7 39. Qa8+ Kh7 40. Qd5 g6 41. Kg2 Qc7 42. Kf2 Qh2+ 43. Ke1 Qg1+ 44. Ke2 Qh2+ 45. Ke1 Qc7 46. Kf2 Kg7 47. Qd4+ Kf7 48. Qd5+ Kf8 49. Kg2 a5 50. Qe6 Kg7 51. Qa6 h5 52. gxh5 gxh5 53. Qb5 Kh6 54. Qd5 Qg7+ 55. Kf2 Qf6+ 0-1

[Event "Titled Tuesday intern op 09th Feb"]
[Site "Chess.com INT"]
[Date "2021.02.09"]
[Round "2"]
[White "Deviprasath, Sharvesh"]
[Black "Klaver, Cornelis"]
[Result "1-0"]
[WhiteElo "1965"]
[BlackElo "2050"]
[PlyCount "93"]
[EventDate "2021.02.09"]
[EventType "swiss (blitz)"]
[EventRounds "11"]
[EventCountry "USA"]
[SourceTitle "EXT 2022"]
[Source "ChessBase"]
[SourceDate "2021.10.06"]
[SourceVersion "1"]
[SourceVersionDate "2021.10.06"]
[SourceQuality "1"]

1. b3 Nf6 2. Bb2 d6 3. e3 c5 4. Nf3 e6 5. c4 Be7 6. Nc3 0-0 7. Be2 b6 8. 0-0 Bb7 9. Rc1 Nbd7 10. d4 cxd4 11. Nxd4 a6 12. Qd2 Rc8 13. Rfd1 Qc7 14. Bf3 Bxf3 15. Nxf3 Rfd8 16. h3 Qb7 17. Ne2 Ne4 18. Qc2 Ndf6 19. Qb1 h6 20. Qa1 b5 21. cxb5 axb5 22. Ned4 b4 23. Nd2 Rxc1 24. Qxc1 Rc8 25. Qa1 Nxd2 26. Rxd2 Ne4 27. Rd1 Bf6 28. Nf3 Bxb2 29. Qxb2 Qc7 30. Nd4 d5 31. a4 Qc3 32. Qa1 g5 33. a5 Qxa1 34. Rxa1 e5 35. Nb5 Nc5 36. a6 Nxb3 37. Ra2 Nc5 38. a7 b3 39. a8Q Rxa8 40. Rxa8+ Kg7 41. Nc3 d4 42. exd4 exd4 43. Nb1 d3 44. Rc8 Ne4 45. Rd8 d2 46. Nxd2 Nxd2 47. Rxd2 1-0

[Event "Titled Tuesday intern op 02nd Feb"]
[Site "Chess.com INT"]
[Date "2021.02.02"]
[Round "10"]
[White "Fiorito, Fabian"]
[Black "Klaver, Cornelis"]
[Result "1-0"]
[WhiteElo "2380"]
[BlackElo "2050"]
[PlyCount "63"]
[EventDate "2021.02.02"]
[EventType "swiss (blitz)"]
[EventRounds "11"]
[EventCountry "USA"]
[SourceTitle "CBM 200 Extra"]
[Source "ChessBase"]
[SourceDate "2021.03.31"]
[SourceVersion "1"]
[SourceVersionDate "2021.03.31"]
[SourceQuality "1"]

1. d4 d5 2. Nc3 Nf6 3. e4 dxe4 4. f3 e3 5. Bxe3 e6 6. Bc4 Be7 7. Nge2 0-0 8. 0-0 a6 9. Ng3 b5 10. Bd3 Bb7 11. Qe2 Nbd7 12. Rad1 Nb6 13. Nce4 Nbd5 14. Bd2 Rc8 15. c3 c5 16. Nxc5 Bxc5 17. dxc5 Rxc5 18. Be3 Rc7 19. Bb1 Rd7 20. Bd4 Nf4 21. Qe5 Ng6 22. Qe2 Nf4 23. Qe3 N6d5 24. Qe5 f6 25. Qe4 Ng6 26. Qxe6+ Kh8 27. Qf5 Ne3 28. Qh5 Nxd1 29. Bxg6 h6 30. Rxd1 b4 31. Nf5 bxc3 32. bxc3 1-0

[Event "Titled Tuesday intern op 02nd Feb"]
[Site "Chess.com INT"]
[Date "2021.02.02"]
[Round "3"]
[White "Guimaraes, Wagner Peixoto"]
[Black "Klaver, Cornelis"]
[Result "1-0"]
[WhiteElo "2203"]
[BlackElo "2050"]
[PlyCount "103"]
[EventDate "2021.02.02"]
[EventType "swiss (blitz)"]
[EventRounds "11"]
[EventCountry "USA"]
[SourceTitle "CBM 200 Extra"]
[Source "ChessBase"]
[SourceDate "2021.03.31"]
[SourceVersion "1"]
[SourceVersionDate "2021.03.31"]
[SourceQuality "1"]

1. e4 d5 2. exd5 Qxd5 3. Nc3 Qa5 4. Bc4 Nf6 5. h3 c6 6. d3 Bf5 7. Qe2 e6 8. Bd2 Nbd7 9. f4 h5 10. Nf3 Qc7 11. Nd4 0-0-0 12. 0-0-0 Nb6 13. Nxf5 Nxc4 14. dxc4 exf5 15. Qe5 Qxe5 16. fxe5 Ne4 17. Nxe4 fxe4 18. Bf4 Bc5 19. b3 Rxd1+ 20. Kxd1 Rd8+ 21. Ke2 Kd7 22. Rd1+ Ke8 23. Rxd8+ Kxd8 24. Be3 Bb4 25. Bxa7 Bc3 26. Ke3 Bxe5 27. Kxe4 Bc3 28. Bd4 Bxd4 29. Kxd4 Kd7 30. Ke5 Ke7 31. a4 f6+ 32. Kf5 Kf7 33. b4 g6+ 34. Kf4 Ke6 35. h4 Kd6 36. Ke4 g5 37. hxg5 fxg5 38. Kf5 g4 39. Kg5 Ke5 40. Kxh5 Kd4 41. Kxg4 Kxc4 42. Kf5 Kxb4 43. g4 Kxa4 44. g5 Kb4 45. g6 Kc3 46. g7 Kxc2 47. g8Q b5 48. Qc8 Kb3 49. Qxc6 b4 50. Ke4 Ka2 51. Qa4+ Kb2 52. Qxb4+ 1-0

[Event "Titled Tuesday intern op 02nd Feb"]
[Site "Chess.com INT"]
[Date "2021.02.02"]
[Round "9"]
[White "Jorquera Cahuin, Marcelo Joaquin"]
[Black "Klaver, Cornelis"]
[Result "0-1"]
[WhiteElo "2233"]
[BlackElo "2050"]
[PlyCount "60"]
[EventDate "2021.02.02"]
[EventType "swiss (blitz)"]
[EventRounds "11"]
[EventCountry "USA"]
[SourceTitle "CBM 200 Extra"]
[Source "ChessBase"]
[SourceDate "2021.03.31"]
[SourceVersion "1"]
[SourceVersionDate "2021.03.31"]
[SourceQuality "1"]

1. e4 d5 2. exd5 Qxd5 3. Nc3 Qa5 4. Bc4 Nf6 5. Nge2 Bf5 6. d3 e6 7. Bd2 c6 8. Ng3 Bg6 9. 0-0 Qc7 10. f4 Bc5+ 11. Kh1 h5 12. Nge4 Bd4 13. Nxf6+ gxf6 14. Qe2 Nd7 15. f5 Bxf5 16. Rxf5 0-0-0 17. Rxh5 Ne5 18. Bb3 f5 19. Bf4 Rxh5 20. Qxh5 Qe7 21. Bxe5 Bxe5 22. h3 Rh8 23. Qf3 Bc7 24. Kg1 Bb6+ 25. Kf1 Rh4 26. Re1 Qg5 27. Ke2 Rf4 28. h4 Qh6 29. Qh3 Rf2+ 30. Kd1 Qd2# 0-1

[Event "Titled Tuesday intern op 02nd Feb"]
[Site "Chess.com INT"]
[Date "2021.02.02"]
[Round "7"]
[White "Mickiewicz, Piotr"]
[Black "Klaver, Cornelis"]
[Result "1-0"]
[WhiteElo "2233"]
[BlackElo "2050"]
[PlyCount "43"]
[EventDate "2021.02.02"]
[EventType "swiss (blitz)"]
[EventRounds "11"]
[EventCountry "USA"]
[SourceTitle "CBM 200 Extra"]
[Source "ChessBase"]
[SourceDate "2021.03.31"]
[SourceVersion "1"]
[SourceVersionDate "2021.03.31"]
[SourceQuality "1"]

1. e4 d5 2. exd5 Qxd5 3. Nc3 Qd6 4. d4 Nf6 5. Nf3 g6 6. g3 Bg7 7. Bg2 a6 8. 0-0 b5 9. Bf4 Qb6 10. a4 b4 11. a5 Qa7 12. Na4 Nbd7 13. Ne5 Bb7 14. Nc6 Bxc6 15. Bxc6 Rd8 16. Re1 e6 17. d5 0-0 18. dxe6 fxe6 19. Qe2 e5 20. Be3 Qb8 21. Qxa6 Ng4 22. Qc4+ 1-0

[Event "Titled Tuesday intern op 02nd Feb"]
[Site "Chess.com INT"]
[Date "2021.02.02"]
[Round "1"]
[White "Molenda, Marcin"]
[Black "Klaver, Cornelis"]
[Result "1-0"]
[WhiteElo "2349"]
[BlackElo "2050"]
[PlyCount "55"]
[EventDate "2021.02.02"]
[EventType "swiss (blitz)"]
[EventRounds "11"]
[EventCountry "USA"]
[SourceTitle "CBM 200 Extra"]
[Source "ChessBase"]
[SourceDate "2021.03.31"]
[SourceVersion "1"]
[SourceVersionDate "2021.03.31"]
[SourceQuality "1"]

1. d4 Nf6 2. c4 e6 3. Nf3 b6 4. g3 Bb7 5. Bg2 d6 6. 0-0 Be7 7. Nc3 Nbd7 8. Qc2 0-0 9. e4 c5 10. d5 e5 11. Ne1 Ne8 12. Nd3 g6 13. f4 f5 14. fxe5 Nxe5 15. Nxe5 dxe5 16. exf5 gxf5 17. Rxf5 Ng7 18. Rxf8+ Bxf8 19. Be3 Bc8 20. Rf1 Rb8 21. Be4 h5 22. Bh7+ Kh8 23. Bg6 h4 24. Ne4 b5 25. Bg5 Be7 26. Bxe7 Qxe7 27. Rf7 Qd8 28. Qd2 1-0

[Event "Titled Tuesday intern op 01st Dec"]
[Site "Chess.com INT"]
[Date "2020.12.01"]
[Round "2"]
[White "Brunner, Nicolas"]
[Black "Klaver, Cornelis"]
[Result "1-0"]
[WhiteElo "2418"]
[BlackElo "2050"]
[PlyCount "71"]
[EventDate "2020.12.01"]
[EventType "swiss (blitz)"]
[EventRounds "11"]
[EventCountry "USA"]
[SourceTitle "CBM 199 Extra"]
[Source "ChessBase"]
[SourceDate "2021.01.31"]
[SourceVersion "1"]
[SourceVersionDate "2021.01.31"]
[SourceQuality "1"]

1. d4 f5 2. e4 fxe4 3. Nc3 Nf6 4. Bg5 g6 5. f3 e3 6. Bxe3 Bg7 7. Qd2 0-0 8. Bd3 d5 9. h4 Bf5 10. Bxf5 gxf5 11. Nh3 c5 12. Nf4 Qd7 13. dxc5 e6 14. 0-0-0 Nc6 15. Nb5 Ne5 16. Nd6 b6 17. Rhe1 Ng6 18. Nxg6 hxg6 19. Kb1 bxc5 20. Bxc5 Rab8 21. Ba3 Ne8 22. Nxe8 Rfxe8 23. c3 Rec8 24. Ka1 Rc4 25. Qg5 Qf7 26. Rd3 Bf6 27. Qe3 Bxh4 28. Rh1 Bf6 29. Bc5 Rc8 30. Bd4 Bxd4 31. Rxd4 Kg7 32. Qe5+ Kf8 33. Rh8+ Ke7 34. Rxc4 dxc4 35. Rxc8 Qf6 36. Rc7+ 1-0

[Event "Titled Tuesday intern op 01st Dec"]
[Site "Chess.com INT"]
[Date "2020.12.01"]
[Round "9"]
[White "Muromtsev, Arthur"]
[Black "Klaver, Cornelis"]
[Result "1-0"]
[WhiteElo "2161"]
[BlackElo "2050"]
[PlyCount "103"]
[EventDate "2020.12.01"]
[EventType "swiss (blitz)"]
[EventRounds "11"]
[EventCountry "USA"]
[SourceTitle "CBM 199 Extra"]
[Source "ChessBase"]
[SourceDate "2021.01.31"]
[SourceVersion "1"]
[SourceVersionDate "2021.01.31"]
[SourceQuality "1"]

1. e4 d5 2. exd5 Qxd5 3. Nc3 Qa5 4. d4 Nf6 5. Bc4 Bf5 6. Nge2 c6 7. 0-0 e6 8. Ng3 Bg6 9. f4 Nbd7 10. f5 exf5 11. Qe2+ Kd8 12. Bf4 Bb4 13. Qf3 h5 14. Bg5 h4 15. Nxf5 Bxf5 16. Qxf5 Qxf5 17. Rxf5 h3 18. Bxf7 hxg2 19. Ne4 Be7 20. Ng3 Ng4 21. Bxe7+ Kxe7 22. Re1+ Kd8 23. Rg5 Nxh2 24. Kxg2 Nf6 25. Rxg7 Nhg4 26. Rh1 Rxh1 27. Nxh1 a5 28. Nf2 Nxf2 29. Kxf2 a4 30. a3 Ra5 31. Ke3 Rf5 32. Bg6 Rf1 33. c4 Rg1 34. Kf2 Rg4 35. Ke3 Rg1 36. Kf4 b5 37. Ke5 Nh5 38. Rg8+ Kd7 39. Bf7 Rxg8 40. Bxg8 Ng7 41. cxb5 cxb5 42. d5 Ne8 43. Be6+ Kc7 44. Kd4 Nd6 45. Kc5 Ne4+ 46. Kxb5 Nd6+ 47. Kxa4 Kb6 48. Kb4 Ne4 49. b3 Nc5 50. a4 Na6+ 51. Kc4 Nc5 52. a5+ 1-0

[Event "Titled Tuesday intern op 24th Nov"]
[Site "Chess.com INT"]
[Date "2020.11.24"]
[Round "10"]
[White "Albuquerque, Wellington S Jr"]
[Black "Klaver, Cornelis"]
[Result "1-0"]
[WhiteElo "2209"]
[BlackElo "2050"]
[PlyCount "75"]
[EventDate "2020.11.24"]
[EventType "swiss (blitz)"]
[EventRounds "11"]
[EventCountry "USA"]
[SourceTitle "CBM 199 Extra"]
[Source "ChessBase"]
[SourceDate "2021.01.31"]
[SourceVersion "1"]
[SourceVersionDate "2021.01.31"]
[SourceQuality "1"]

1. c4 e5 2. g3 Nf6 3. Bg2 Bc5 4. Nc3 c6 5. Nf3 e4 6. Ng5 d5 7. cxd5 cxd5 8. d4 Be7 9. Nh3 0-0 10. Bg5 h6 11. Bxf6 Bxf6 12. Nf4 Be6 13. h4 Nc6 14. e3 Rc8 15. 0-0 Qd7 16. Qb3 Ne7 17. Rfc1 g5 18. hxg5 hxg5 19. Nxe6 fxe6 20. Na4 b6 21. Bh3 Nf5 22. Nc3 Bg7 23. Ne2 Rxc1+ 24. Rxc1 Qf7 25. Rf1 Qh5 26. Bg2 Qxe2 27. Qa4 Qh5 28. Qxa7 Qf7 29. Qxb6 Rc8 30. a4 Qc7 31. Qxe6+ Kh8 32. Qxf5 Ra8 33. Qxd5 Rxa4 34. Bxe4 Rb4 35. Qf5 Kg8 36. Bd5+ Kh8 37. Kg2 Rxb2 38. Rh1+ 1-0

[Event "Titled Tuesday intern op 24th Nov"]
[Site "Chess.com INT"]
[Date "2020.11.24"]
[Round "4"]
[White "Klaver, Cornelis"]
[Black "Jakubowska, Anna"]
[Result "1-0"]
[WhiteElo "2050"]
[BlackElo "2073"]
[PlyCount "111"]
[EventDate "2020.11.24"]
[EventType "swiss (blitz)"]
[EventRounds "11"]
[EventCountry "USA"]
[SourceTitle "CBM 199 Extra"]
[Source "ChessBase"]
[SourceDate "2021.01.31"]
[SourceVersion "1"]
[SourceVersionDate "2021.01.31"]
[SourceQuality "1"]

1. d4 f5 2. c4 Nf6 3. Nc3 e6 4. g3 Bb4 5. Bg2 0-0 6. Nh3 d6 7. 0-0 Bxc3 8. bxc3 e5 9. c5 Nc6 10. Ba3 Re8 11. e3 Rb8 12. Ng5 h6 13. Qb3+ d5 14. dxe5 Nxe5 15. Nf3 Nxf3+ 16. Bxf3 c6 17. c4 Be6 18. Rfd1 dxc4 19. Rxd8 cxb3 20. Rxb8 Rxb8 21. axb3 Bxb3 22. Bb2 a6 23. Bxf6 gxf6 24. Rb1 Bc2 25. Rb6 Be4 26. Be2 a5 27. Ba6 a4 28. Bxb7 a3 29. Ba6 Rxb6 30. cxb6 a2 31. Bc4+ Kg7 32. Bxa2 c5 33. Bc4 Bb7 34. Kf1 Kf8 35. Ke2 Ke7 36. f3 Kd6 37. Bb5 Bc8 38. Kd3 Bb7 39. e4 fxe4+ 40. fxe4 Ke5 41. Kc4 Bxe4 42. Kxc5 Bg2 43. Bc6 Bf1 44. b7 Bh3 45. b8Q+ Ke6 46. Qe8+ Kf5 47. Qc8+ Kg5 48. Qxh3 f5 49. Qh4+ Kg6 50. Be8+ Kg7 51. Qe7+ Kg8 52. Qf7+ Kh8 53. Qf8+ Kh7 54. Bf7 h5 55. Qg8+ Kh6 56. Qg6# 1-0

[Event "Titled Tuesday intern op 17th Nov"]
[Site "Chess.com INT"]
[Date "2020.11.17"]
[Round "3"]
[White "Hoffmann, Asa"]
[Black "Klaver, Cornelis"]
[Result "1-0"]
[WhiteElo "2185"]
[BlackElo "2050"]
[PlyCount "65"]
[EventDate "2020.11.17"]
[EventType "swiss (blitz)"]
[EventRounds "11"]
[EventCountry "USA"]
[SourceTitle "CBM 199 Extra"]
[Source "ChessBase"]
[SourceDate "2021.01.31"]
[SourceVersion "1"]
[SourceVersionDate "2021.01.31"]
[SourceQuality "1"]

1. d4 f5 2. Nc3 d5 3. f3 Nf6 4. Bg5 Nbd7 5. e4 fxe4 6. fxe4 dxe4 7. Bc4 Nb6 8. Bb3 Bg4 9. Nge2 Qd7 10. h3 Bxe2 11. Qxe2 0-0-0 12. 0-0-0 Kb8 13. Nxe4 Nxe4 14. Qxe4 Nd5 15. Rhe1 Nf6 16. Qe6 Qxe6 17. Rxe6 Rd6 18. c3 Rxe6 19. Bxe6 h6 20. Bh4 g5 21. Bg3 Ne4 22. Be5 Nf6 23. Rf1 Bg7 24. d5 Rf8 25. c4 b6 26. Rf3 Kb7 27. b4 a6 28. c5 c6 29. d6 bxc5 30. dxe7 Re8 31. Bxf6 Bxf6 32. Rxf6 Rxe7 33. bxc5 1-0

[Event "Titled Tuesday intern op 17th Nov"]
[Site "Chess.com INT"]
[Date "2020.11.17"]
[Round "2"]
[White "Klaver, Cornelis"]
[Black "Makkar, Rajat"]
[Result "1/2-1/2"]
[WhiteElo "2050"]
[BlackElo "2231"]
[PlyCount "132"]
[EventDate "2020.11.17"]
[EventType "swiss (blitz)"]
[EventRounds "11"]
[EventCountry "USA"]
[SourceTitle "CBM 199 Extra"]
[Source "ChessBase"]
[SourceDate "2021.01.31"]
[SourceVersion "1"]
[SourceVersionDate "2021.01.31"]
[SourceQuality "1"]

1. d4 d5 2. Nf3 c5 3. e3 Nc6 4. b3 Nf6 5. Bd3 e6 6. Bb2 Bd6 7. Nbd2 Qc7 8. a3 b6 9. 0-0 e5 10. dxe5 Nxe5 11. Nxe5 Bxe5 12. Bxe5 Qxe5 13. Bb5+ Bd7 14. Bxd7+ Nxd7 15. e4 0-0 16. exd5 Qxd5 17. Nc4 Qc6 18. Re1 Nf6 19. Qd6 Qxd6 20. Nxd6 Rad8 21. Rad1 Rd7 22. Nb5 Rfd8 23. Rxd7 Rxd7 24. Kf1 a6 25. Nc3 Rd2 26. Re2 Rd4 27. Na4 Rd1+ 28. Re1 Rd6 29. f3 Kf8 30. Kf2 Nd7 31. Re2 b5 32. Nc3 f5 33. g4 g6 34. h4 Kf7 35. h5 gxh5 36. gxf5 Rf6 37. Rd2 Ke8 38. Ne4 Rc6 39. Rd6 Rxd6 40. Nxd6+ Ke7 41. Ne4 Kd8 42. Kg3 Ke7 43. Kh4 c4 44. bxc4 bxc4 45. Kxh5 Ne5 46. f4 Nc6 47. f6+ Kf7 48. Kh6 Nd4 49. Kxh7 Nxc2 50. Kh6 Ne3 51. Kg5 Nd5 52. Nd6+ Kf8 53. Nxc4 Kf7 54. Nd6+ Ke6 55. Nb7 Nxf6 56. Nc5+ Kf7 57. Nxa6 Ne4+ 58. Kf5 Nd2 59. Ke5 Nc4+ 60. Kf5 Nxa3 61. Nc5 Nc4 62. Kg5 Ne3 63. Nd7 Nd5 64. f5 Ke7 65. Ne5 Nf6 66. Kg6 Ne4 1/2-1/2

[Event "Titled Tuesday intern op 17th Nov"]
[Site "Chess.com INT"]
[Date "2020.11.17"]
[Round "7"]
[White "Klaver, Cornelis"]
[Black "Sarkar, Justin"]
[Result "1-0"]
[WhiteElo "2050"]
[BlackElo "2374"]
[PlyCount "61"]
[EventDate "2020.11.17"]
[EventType "swiss (blitz)"]
[EventRounds "11"]
[EventCountry "USA"]
[SourceTitle "CBM 199 Extra"]
[Source "ChessBase"]
[SourceDate "2021.01.31"]
[SourceVersion "1"]
[SourceVersionDate "2021.01.31"]
[SourceQuality "1"]

1. d4 Nf6 2. Bg5 c6 3. Bxf6 exf6 4. g3 Qb6 5. b3 d5 6. Bg2 a5 7. a4 Be6 8. e3 Nd7 9. Ne2 f5 10. 0-0 Nf6 11. Nd2 h5 12. h4 Ne4 13. f3 Nxd2 14. Qxd2 Bb4 15. c3 Bd6 16. Rab1 Qc7 17. Nf4 Qe7 18. Rbe1 g5 19. Nxe6 fxe6 20. e4 Bxg3 21. Re2 Bf4 22. Qe1 fxe4 23. fxe4 0-0-0 24. exd5 cxd5 25. Rxe6 Qg7 26. Re7 Qf6 27. hxg5 Qxg5 28. Qe6+ Kb8 29. Qf7 Be3+ 30. Kh2 Qh4+ 31. Bh3 1-0

[Event "Titled Tuesday intern op 17th Nov"]
[Site "Chess.com INT"]
[Date "2020.11.17"]
[Round "1"]
[White "Klaver, Cornelis"]
[Black "Villegas, Pierre"]
[Result "0-1"]
[WhiteElo "2050"]
[BlackElo "2367"]
[PlyCount "62"]
[EventDate "2020.11.17"]
[EventType "swiss (blitz)"]
[EventRounds "11"]
[EventCountry "USA"]
[SourceTitle "CBM 199 Extra"]
[Source "ChessBase"]
[SourceDate "2021.01.31"]
[SourceVersion "1"]
[SourceVersionDate "2021.01.31"]
[SourceQuality "1"]

1. d4 Nf6 2. Bg5 c5 3. Bxf6 gxf6 4. d5 d6 5. c4 f5 6. Nc3 Bg7 7. Qd2 Nd7 8. e3 Qa5 9. Rc1 Nf6 10. Bd3 Bd7 11. Nge2 0-0-0 12. a3 Kb8 13. Rb1 e5 14. 0-0 Rhg8 15. b4 Qc7 16. bxc5 Qxc5 17. Rb4 e4 18. Bc2 Ng4 19. Rfb1 b6 20. Nd4 Ne5 21. Qe2 Nf3+ 22. Kh1 Bxd4 23. exd4 Nxd4 24. Qd2 e3 25. fxe3 Nxc2 26. Qxc2 Qxe3 27. Nb5 Rde8 28. Rg1 f4 29. Nxd6 f3 30. Nxe8 fxg2+ 31. Rxg2 Qe1+ 0-1

[Event "Port Elizabeth Pearson op"]
[Site "Port Elizabeth"]
[Date "2019.03.30"]
[Round "3"]
[White "Klaver, Cornelis"]
[Black "Beukes, Dante M"]
[Result "1/2-1/2"]
[WhiteElo "2072"]
[BlackElo "2114"]
[PlyCount "77"]
[EventDate "2019.03.29"]
[EventType "swiss"]
[EventRounds "5"]
[EventCountry "RSA"]
[SourceTitle "EXT 2021"]
[Source "ChessBase"]
[SourceDate "2020.10.23"]
[SourceVersion "1"]
[SourceVersionDate "2020.10.23"]
[SourceQuality "1"]

1. d4 Nf6 2. c4 g6 3. Nc3 Bg7 4. e4 d6 5. h3 0-0 6. Bd3 Nc6 7. Nge2 e5 8. d5 Nd4 9. Bg5 h6 10. Be3 Nd7 11. Bb1 Nxe2 12. Qxe2 a5 13. g4 Qe7 14. Qd2 Kh7 15. Bc2 Nc5 16. 0-0-0 Bd7 17. f3 Rfd8 18. h4 a4 19. h5 g5 20. Bxc5 dxc5 21. d6 Qxd6 22. Qxd6 cxd6 23. Rxd6 Bf8 24. Rd2 Be6 25. Rxd8 Rxd8 26. Nd5 Bxd5 27. exd5+ Kg7 28. Bxa4 Rd6 29. Bc2 Ra6 30. a3 Bd6 31. Kd2 Kf6 32. Be4 Ra5 33. Kc2 Ra7 34. Rd1 Ra4 35. Kd3 Ra6 36. Rc1 Rb6 37. Kc3 Ke7 38. Bf5 e4 39. b3 1/2-1/2

[Event "Johannesburg Sandton op"]
[Site "Johannesburg"]
[Date "2018.05.19"]
[Round "6"]
[White "Klaver, Cornelis"]
[Black "Mpya, Tshediso M"]
[Result "1/2-1/2"]
[WhiteElo "2104"]
[BlackElo "1929"]
[PlyCount "71"]
[EventDate "2018.05.19"]
[EventType "swiss"]
[EventRounds "10"]
[EventCountry "RSA"]
[SourceTitle "CBM 184 Extra"]
[Source "ChessBase"]
[SourceDate "2018.06.28"]
[SourceVersion "1"]
[SourceVersionDate "2018.06.28"]
[SourceQuality "1"]

1. d4 d5 2. Nf3 Bf5 3. e3 e6 4. Be2 h6 5. 0-0 Nf6 6. c4 c6 7. Nbd2 Bd6 8. b3 0-0 9. Bb2 Nbd7 10. h3 Rc8 11. Ne5 Bb8 12. f4 Ne4 13. Nxe4 Bxe4 14. Ba3 Re8 15. Bh5 g6 16. Nxd7 Qxd7 17. Bf3 Bxf3 18. Qxf3 Qd8 19. Rf2 Qa5 20. Bb2 b5 21. c5 Qd8 22. Bc3 Qf6 23. g4 Qg7 24. a4 a6 25. axb5 axb5 26. Ra6 f5 27. Rfa2 Re7 28. Qg2 Kh7 29. Ba5 g5 30. fxg5 Qxg5 31. Bd2 Qf6 32. Qf3 Rg7 33. Be1 e5 34. Rg2 f4 35. dxe5 Bxe5 36. e4 1/2-1/2

[Event "Johannesburg Sandton op"]
[Site "Johannesburg"]
[Date "2018.05.19"]
[Round "1"]
[White "Mendelsohn, David C"]
[Black "Klaver, Cornelis"]
[Result "1/2-1/2"]
[WhiteElo "1882"]
[BlackElo "2104"]
[PlyCount "147"]
[EventDate "2018.05.19"]
[EventType "swiss"]
[EventRounds "10"]
[EventCountry "RSA"]
[SourceTitle "CBM 184 Extra"]
[Source "ChessBase"]
[SourceDate "2018.06.28"]
[SourceVersion "1"]
[SourceVersionDate "2018.06.28"]
[SourceQuality "1"]

1. d4 Nf6 2. Nf3 e6 3. c4 b6 4. Nc3 Bb4 5. Qc2 0-0 6. a3 Bxc3+ 7. Qxc3 Ne4 8. Qc2 Bb7 9. e3 d6 10. Bd3 f5 11. 0-0 Nd7 12. b4 c5 13. Bb2 Rc8 14. Rfd1 Qe7 15. Rac1 Rc7 16. Qe2 Ndf6 17. bxc5 bxc5 18. dxc5 Nxc5 19. Nd4 a6 20. Bc2 Nfe4 21. f3 Nf6 22. Nb3 Nfd7 23. Nxc5 Nxc5 24. Qd2 Rd7 25. Bd4 Rc8 26. Bxc5 Rxc5 27. Ba4 Rd8 28. Rb1 Rxc4 29. Qa5 Qc7 30. Qxc7 Rxc7 31. Rb6 Bd5 32. Rxa6 Rc3 33. e4 fxe4 34. fxe4 Bxe4 35. Raxd6 Rxd6 36. Rxd6 Rxa3 37. Bc6 Bxc6 38. Rxc6 Kf7 39. Kf2 Kf6 40. h4 h5 41. Rb6 Kf5 42. g3 e5 43. Rb5 Rd3 44. Rc5 g6 45. Ra5 Rd6 46. Kf3 Rb6 47. Rc5 Rb3+ 48. Kf2 Rb8 49. Kf3 Rg8 50. Ra5 g5 51. hxg5 Rxg5 52. Rb5 Rg4 53. Ra5 Rb4 54. Rc5 Rb3+ 55. Kf2 Rd3 56. Ra5 Ke4 57. Kg2 Rd2+ 58. Kh3 Kd4 59. Ra4+ Ke3 60. Rh4 e4 61. Rxh5 Rd1 62. Kg4 Rg1 63. Re5 Kd4 64. Re8 Rf1 65. Rd8+ Kc3 66. Re8 Kd3 67. Rd8+ Ke2 68. Kh3 e3 69. Kg2 Rf2+ 70. Kg1 Rf7 71. Re8 Kf3 72. Kf1 Ra7 73. Rf8+ Kxg3 74. Ke2 1/2-1/2

[Event "Africa KCF Inv tt"]
[Site "Brakpan"]
[Date "2017.10.07"]
[Round "4.1"]
[White "Klaver, Cornelis"]
[Black "Van Zyl Rudd, Jack"]
[Result "1/2-1/2"]
[WhiteElo "2113"]
[BlackElo "2165"]
[PlyCount "57"]
[EventDate "2017.10.05"]
[EventType "team-tourn"]
[EventRounds "7"]
[EventCountry "RSA"]
[SourceTitle "CBM 181 Extra"]
[Source "ChessBase"]
[SourceDate "2017.12.12"]
[SourceVersion "1"]
[SourceVersionDate "2017.12.12"]
[SourceQuality "1"]
[WhiteTeam "SA Veterans"]
[BlackTeam "SA Emerging Players"]
[WhiteTeamCountry "RSA"]
[BlackTeamCountry "RSA"]

1. d4 Nf6 2. Nf3 g6 3. g3 Bg7 4. Bg2 0-0 5. 0-0 d5 6. b3 Ne4 7. Bb2 c5 8. e3 Nc6 9. Nbd2 cxd4 10. Nxe4 dxe4 11. Nxd4 Nxd4 12. Bxd4 f5 13. Bxg7 Qxd1 14. Rfxd1 Kxg7 15. c4 Be6 16. f3 exf3 17. Bxf3 Rab8 18. Rd2 b6 19. Rad1 Kf6 20. Kf2 Ke5 21. Bd5 Rbd8 22. Bxe6 Rxd2+ 23. Rxd2 Kxe6 24. Rd5 Rc8 25. Ke2 Rc7 26. a4 Rd7 27. Rb5 Rd6 28. a5 Rc6 29. Rd5 1/2-1/2